| 000 | 01413nam a2200325 i 4500 | ||
|---|---|---|---|
| 003 | EG-GICUC | ||
| 005 | 20260502085640.0 | ||
| 008 | 260502s1974 ua |||fr|||| 00| 0 ara d | ||
| 040 |
_a EG-GICUC _c EG-GICUC _d EG-GICUC _erda |
||
| 082 | 0 | 4 |
_221 _a345.24 _bم ص . ت |
| 092 | 0 | 4 | _221 |
| 099 | _aLaw1 07 345.24 م ص . ت 1974 | ||
| 100 | 1 |
_aمصطفي أبو الفتوح _eمقدم. |
|
| 245 | 1 | 0 |
_aتنظيم وإدارة المشروعات العامة في الدول النامية / _cمراجعة وتقديم د. مصطفي أبو الفتوح ؛ ترجمة محمد عبد السميع علي |
| 264 | 1 |
_aالقاهرة : _bالمنظمة العربية للعلوم والثقافة، _c1974. |
|
| 300 |
_a268 صفحة _c24 سم |
||
| 336 |
_2rda content _atext |
||
| 337 |
_2rda media _aComputer |
||
| 338 |
_2rda carrier _aOnline Resource |
||
| 490 | 1 |
_aالفكر العربي الاداري المعاصر ؛ _v14 |
|
| 546 | _aالنص باللغة العربية | ||
| 650 | 1 | 4 |
_aالهيئات المعاونة في التنظيم الإداري _2qrmak |
| 651 | 1 | _2qrmak | |
| 700 | 1 |
_aمصطفي أبو الفتوح _eمراجع. |
|
| 700 | 1 |
_aمحمد عبد السميع على _eمترجم. |
|
| 830 | 0 |
_aالفكر العربي الاداري المعاصر ؛ _v14 |
|
| 856 | 4 | 0 | _uhttps://fll.law.cu.edu.eg/fulltext/bks/B07-00065.pdf |
| 905 | _a161 | ||
| 942 |
_2ddc _cBK _e21 _n0 |
||
| 999 |
_c74727 _d74727 |
||